000 00805nam a2200205Ia 4500
003 GCL
008 140319s9999 xx 000 0 ara d
040 _aGCL /
_cGCL
082 0 4 _a230
_bن ر
100 1 _aالنووى، يحيى بن شرف بن مرى الدمشقى، 1233-1278 م
245 1 0 _aرياض الصالحين من كلام سيد المرسلين /
_cالنووى، يحيى بن شرف بن مرى الدمشقى، 1233-1278 م
700 1 _aقسم البحوث والدراسات بدار الوف
260 _aالقاهرة :
_bدار الوفاء للطباعة والنشر والتوزيع ،
_c1992
300 _a567 ص ؛
_c24 سم
490 _a
650 0 4 _aالاسلام
650 0 4 _aالاحاديث النبوية
650 0 4 _aالاوراد
942 _2ddc
_cBK
999 _c55510
_d55510